000 00288nam a22001097a 4500
082 _a297٫57م س ر
100 _aمسرت لغاری
245 _aتیسری آنکھ سے: روحانی اقوال و افکار
260 _aراولپنڈی
_c۱۹۹۸
300 _a۳۲۰
942 _cBK
999 _c15106
_d15106